[Event "Goiania FEXEG Cup"]
[Site "Goiania"]
[Date "2018.05.20"]
[Round "5"]
[White "Raggiotto, Mauro Cezar"]
[Black "Schroder, Luiz Victor Ferreir"]
[Result "1-0"]
[WhiteElo "1483"]
[BlackElo "1302"]
[PlyCount "95"]
[EventDate "2018.05.18"]
[EventType "swiss"]
[EventRounds "6"]
[EventCountry "BRA"]
[SourceTitle "CBM 184 Extra"]
[Source "ChessBase"]
[SourceDate "2018.06.28"]
[SourceVersion "1"]
[SourceVersionDate "2018.06.28"]
[SourceQuality "1"]

1. d4 d5 2. Nf3 e6 3. Bf4 Nf6 4. e3 c5 5. c3 Qb6 6. Qb3 Qxb3 7. axb3 Be7 8. Bd3 0-0 9. 0-0 Nbd7 10. Nbd2 b6 11. Rfe1 Bb7 12. e4 dxe4 13. Nxe4 Nxe4 14. Bxe4 Bxe4 15. Rxe4 Nf6 16. Ree1 Rfd8 17. Bc7 Rdc8 18. Bg3 cxd4 19. Nxd4 Bc5 20. Nf3 a5 21. Nd2 Rd8 22. Nc4 h6 23. h3 Nd7 24. Red1 g5 25. Bc7 Rdc8 26. Rxd7 Ra7 27. Rd8+ Rxd8 28. Bxd8 Rb7 29. Rd1 f5 30. Bf6 Rf7 31. Rd8+ Kh7 32. Rh8+ Kg6 33. Be5 Rd7 34. Re8 Kf7 35. Rb8 Rd1+ 36. Kh2 Bxf2 37. Nd6+ Kg6 38. Rg8+ Kh5 39. Bd4 Be1 40. Re8 f4 41. Ne4 Kh4 42. Bf2+ Bxf2 43. Nxf2 Rd2 44. Ne4 Re2 45. Rxe6 h5 46. Kg1 g4 47. hxg4 Kxg4 48. Nf2+ 1-0

[Event "Goiania FEXEG Cup"]
[Site "Goiania"]
[Date "2018.05.18"]
[Round "2"]
[White "Schroder, Luiz Victor Ferreir"]
[Black "Campos, Otavio Moraes"]
[Result "0-1"]
[WhiteElo "1302"]
[BlackElo "1681"]
[PlyCount "134"]
[EventDate "2018.05.18"]
[EventType "swiss"]
[EventRounds "6"]
[EventCountry "BRA"]
[SourceTitle "CBM 184 Extra"]
[Source "ChessBase"]
[SourceDate "2018.06.28"]
[SourceVersion "1"]
[SourceVersionDate "2018.06.28"]
[SourceQuality "1"]

1. d4 Nf6 2. e3 e6 3. Bd3 b6 4. Nd2 Be7 5. Ngf3 Bb7 6. 0-0 d6 7. c4 Nbd7 8. b3 c5 9. Bb2 0-0 10. Re1 Qc7 11. e4 cxd4 12. Bxd4 Nc5 13. Bc2 Rad8 14. e5 dxe5 15. Bxe5 Qc8 16. Qe2 Rd7 17. b4 Na6 18. a3 Nb8 19. Ne4 Nxe4 20. Bxe4 Nc6 21. Bb2 Rfd8 22. Red1 Bf8 23. Ng5 g6 24. Rxd7 Qxd7 25. h3 Nd4 26. Qd3 Bxe4 27. Nxe4 Bg7 28. c5 Nf3+ 29. Qxf3 Bxb2 30. Rb1 Be5 31. Nf6+ Bxf6 32. Qxf6 bxc5 33. bxc5 Rc8 34. Rc1 Qd2 35. Qc3 Qxc3 36. Rxc3 Kf8 37. Kf1 Ke7 38. Ke2 Kd7 39. Kd3 Kc6 40. Kc4 Rd8 41. Rb3 e5 42. Rc3 a5 43. Kb3 Rd2 44. Ka4 Rxf2 45. Kxa5 Rxg2 46. Kb4 f5 47. a4 Ra2 48. Kb3 Ra1 49. Re3 e4 50. Kc4 Rxa4+ 51. Kb3 Rd4 52. Kc3 Kxc5 53. Rg3 f4 54. Rg4 f3 55. Rf4 Rd3+ 56. Kc2 Kd4 57. h4 Ke3 58. Rf7 f2 59. Kb2 Ke2 60. Re7 f1Q 61. Rxe4+ Re3 62. Rxe3+ Kxe3 63. Kc3 Qd3+ 64. Kb4 Kd4 65. h5 gxh5 66. Ka4 Kc4 67. Ka5 Qd6 0-1

[Event "Goiania STD op"]
[Site "Goiania"]
[Date "2018.03.10"]
[Round "3"]
[White "De Oliveira, Caio Guilherme Viei"]
[Black "Schroder, Luiz Victor Ferreir"]
[Result "1-0"]
[WhiteElo "1384"]
[BlackElo "1352"]
[PlyCount "29"]
[EventDate "2018.03.09"]
[EventType "swiss"]
[EventRounds "6"]
[EventCountry "BRA"]
[SourceTitle "CBM 183 Extra"]
[Source "ChessBase"]
[SourceDate "2018.04.19"]
[SourceVersion "1"]
[SourceVersionDate "2018.04.19"]
[SourceQuality "1"]

1. d4 d5 2. Nf3 Nf6 3. e3 e6 4. Bd3 Nbd7 5. 0-0 Bd6 6. Nbd2 0-0 7. Qe2 Qe7 8. e4 dxe4 9. Nxe4 Nxe4 10. Qxe4 Nf6 11. Qh4 g6 12. Bg5 Qd7 13. Bxf6 h5 14. Qg5 Kh7 15. Qxh5+ 1-0

[Event "Goiania STD op"]
[Site "Goiania"]
[Date "2018.03.09"]
[Round "1"]
[White "Santos, Abel Cardoso Dos"]
[Black "Schroder, Luiz Victor Ferreir"]
[Result "1-0"]
[WhiteElo "1751"]
[BlackElo "1352"]
[PlyCount "31"]
[EventDate "2018.03.09"]
[EventType "swiss"]
[EventRounds "6"]
[EventCountry "BRA"]
[SourceTitle "CBM 183 Extra"]
[Source "ChessBase"]
[SourceDate "2018.04.19"]
[SourceVersion "1"]
[SourceVersionDate "2018.04.19"]
[SourceQuality "1"]

1. e4 c5 2. Nf3 Nc6 3. d4 cxd4 4. Nxd4 g6 5. Be3 Bg7 6. Nc3 Nf6 7. f3 0-0 8. Qd2 d6 9. 0-0-0 Bd7 10. g4 Rb8 11. h4 Bc8 12. h5 Qc7 13. hxg6 fxg6 14. Qh2 e5 15. Bc4+ Kh8 16. Nd5 1-0

[Event "Goiania zt"]
[Site "Goiania"]
[Date "2017.08.20"]
[Round "6"]
[White "Sergio Filho, Claudio Santos"]
[Black "Schroder, Luiz Victor Ferreir"]
[Result "1-0"]
[WhiteElo "1861"]
[BlackElo "1318"]
[PlyCount "91"]
[EventDate "2017.08.18"]
[EventType "swiss"]
[EventRounds "6"]
[EventCountry "BRA"]
[SourceTitle "CBM 180 Extra"]
[Source "ChessBase"]
[SourceDate "2017.10.06"]
[SourceVersion "1"]
[SourceVersionDate "2017.10.06"]
[SourceQuality "1"]

1. e4 c5 2. d3 Nc6 3. Nf3 g6 4. g3 Bg7 5. Bg2 Nf6 6. 0-0 0-0 7. Nbd2 d6 8. Nc4 Bd7 9. Nh4 Bg4 10. f3 Be6 11. Ne3 d5 12. Qe2 d4 13. Nd1 Bd7 14. f4 e5 15. f5 Qe7 16. h3 a6 17. Nf3 b5 18. g4 h6 19. Nf2 g5 20. h4 Nh7 21. hxg5 hxg5 22. Nh1 Rfe8 23. Ng3 f6 24. Kf2 Kf7 25. Rh1 Rh8 26. Bd2 Nf8 27. Rh5 Be8 28. Rah1 Rxh5 29. Nxh5 Bh6 30. Qf1 Qd6 31. Qg1 Ne7 32. Qh2 Ng8 33. a3 Qc6 34. Ng3 b4 35. axb4 cxb4 36. Rc1 a5 37. Ne2 Rb8 38. Nexd4 Qb6 39. Be3 exd4 40. Bxd4 Qb7 41. e5 Qc8 42. exf6 Rb5 43. Qh5+ Ng6 44. fxg6+ Ke6 45. f7 Bxf7 46. gxf7 1-0

[Event "Goiania IRT U2200 1st"]
[Site "Goiania"]
[Date "2017.06.24"]
[Round "3.6"]
[White "Silva, Bruno Fagner"]
[Black "Schroder, Luiz Victor Ferreir"]
[Result "0-1"]
[WhiteElo "1481"]
[BlackElo "1314"]
[PlyCount "94"]
[EventDate "2017.06.24"]
[EventType "swiss"]
[EventRounds "5"]
[EventCountry "BRA"]
[SourceTitle "EXT 2022"]
[Source "ChessBase"]
[SourceDate "2021.10.06"]
[SourceVersion "1"]
[SourceVersionDate "2021.10.06"]
[SourceQuality "1"]

1. d4 d5 2. c4 c6 3. cxd5 cxd5 4. Nf3 g6 5. Nc3 Bg7 6. Bf4 Nf6 7. Rc1 0-0 8. Qd2 Bg4 9. Ne5 Bf5 10. f3 Bc8 11. Bh6 Nbd7 12. Bxg7 Kxg7 13. e3 Re8 14. e4 e6 15. g4 Nxe5 16. dxe5 Nd7 17. Qf4 f5 18. Qg3 f4 19. Qg2 Nxe5 20. h4 a6 21. h5 g5 22. exd5 exd5 23. Rd1 Be6 24. b3 Qa5 25. h6+ Kg8 26. Kd2 Rac8 27. Rc1 d4 28. Qe2 Rxc3 29. Rxc3 Qxc3+ 30. Kd1 Qa1+ 31. Kd2 Qxa2+ 32. Ke1 Qxe2+ 33. Bxe2 Bxb3 34. Rh5 Nf7 35. Kd2 Rc8 36. Kd3 a5 37. Kxd4 a4 38. Rh1 Kf8 39. Rb1 Ke7 40. Bd3 Kd6 41. Bf5 Rc4+ 42. Kd3 Kc5 43. Bxh7 Nxh6 44. Kd2 Kb4 45. Bd3 Rc5 46. Re1 Ka3 47. Re6 Bxe6 0-1

[Event "Goiania op"]
[Site "Goiania"]
[Date "2017.05.27"]
[Round "3"]
[White "De Paula, Leonardo Morais"]
[Black "Schroder, Luiz Victor Ferreir"]
[Result "1-0"]
[WhiteElo "1733"]
[BlackElo "1295"]
[PlyCount "75"]
[EventDate "2017.05.26"]
[EventType "swiss"]
[EventRounds "6"]
[EventCountry "BRA"]
[SourceTitle "CBM 178 Extra"]
[Source "ChessBase"]
[SourceDate "2017.06.22"]
[SourceVersion "1"]
[SourceVersionDate "2017.06.22"]
[SourceQuality "1"]

1. d4 d5 2. c4 c6 3. Nf3 Nf6 4. Nc3 g6 5. cxd5 cxd5 6. Bg5 Bg7 7. Qb3 e6 8. e3 Nc6 9. Bd3 0-0 10. 0-0 Qc7 11. Bf4 Qd7 12. h3 Ne8 13. Rac1 f5 14. Na4 b6 15. Bb5 Bb7 16. Rc3 Nd6 17. Bxd6 Qxd6 18. Rfc1 Rac8 19. Bxc6 Rxc6 20. Nc5 Qc7 21. Nxb7 Rxc3 22. Qxc3 Qxb7 23. Qc6 Qf7 24. Ng5 Qf6 25. Qxe6+ Qxe6 26. Nxe6 Rf7 27. Rc8+ Bf8 28. Nxf8 Rxf8 29. Rxf8+ Kxf8 30. b4 Ke7 31. b5 Kd7 32. Kh2 Kc7 33. Kg3 Kb7 34. Kf4 a6 35. a4 axb5 36. axb5 Kc7 37. Ke5 Kd7 38. Kxd5 1-0

[Event "Goiania op"]
[Site "Goiania"]
[Date "2016.05.14"]
[Round "3"]
[White "Montufar Berrios, Eymi Priscila"]
[Black "Schroder, Luiz Victor Ferreir"]
[Result "1-0"]
[WhiteElo "1776"]
[BlackElo "1775"]
[PlyCount "63"]
[EventDate "2016.05.13"]
[EventType "swiss"]
[EventRounds "6"]
[EventCountry "BRA"]
[SourceTitle "CBM 172 Extra"]
[Source "ChessBase"]
[SourceDate "2016.06.21"]
[SourceVersion "1"]
[SourceVersionDate "2016.06.21"]
[SourceQuality "1"]

1. e4 e5 2. Nf3 Nc6 3. Bc4 Nf6 4. d3 d6 5. Nc3 Nd4 6. Ng5 Ne6 7. 0-0 Nxg5 8. Bxg5 h6 9. Bxf6 Qxf6 10. Nd5 Qd8 11. Qh5 g6 12. Qf3 f5 13. Qg3 Rg8 14. Nxc7+ Qxc7 15. Bxg8 Qg7 16. Bd5 f4 17. Qf3 h5 18. d4 exd4 19. Qxf4 g5 20. Qd2 Qf6 21. f4 gxf4 22. Rxf4 Qe5 23. Qf2 Be7 24. Rf1 Qg7 25. Rf7 Qg8 26. Rxe7+ Kxe7 27. Bxg8 Kd7 28. Bd5 Kc7 29. Qxd4 a5 30. Rf7+ Kb8 31. Qb6 Ra7 32. Qc7+ 1-0

[Event "Goiania op"]
[Site "Goiania"]
[Date "2016.05.13"]
[Round "2"]
[White "Schroder, Luiz Victor Ferreir"]
[Black "De Paula, Guilherme Bueno"]
[Result "0-1"]
[WhiteElo "1775"]
[BlackElo "1875"]
[PlyCount "110"]
[EventDate "2016.05.13"]
[EventType "swiss"]
[EventRounds "6"]
[EventCountry "BRA"]
[SourceTitle "CBM 172 Extra"]
[Source "ChessBase"]
[SourceDate "2016.06.21"]
[SourceVersion "1"]
[SourceVersionDate "2016.06.21"]
[SourceQuality "1"]

1. e4 d5 2. exd5 Nf6 3. Nc3 Nxd5 4. Nxd5 Qxd5 5. Nf3 Bg4 6. h3 Bxf3 7. Qxf3 Qxf3 8. gxf3 Nc6 9. d3 0-0-0 10. Bf4 Nd4 11. 0-0-0 Nxf3 12. Bg2 Nh4 13. Be4 f5 14. Bg5 fxe4 15. Bxh4 exd3 16. Rxd3 Rxd3 17. cxd3 e6 18. Re1 Kd7 19. Bg3 Bd6 20. Be5 Bxe5 21. Rxe5 Rf8 22. Ra5 a6 23. Rg5 g6 24. Rg2 Rf3 25. Rg3 Rxf2 26. Rg4 Rf3 27. Rh4 h5 28. Kd2 Rf2+ 29. Kc3 c5 30. d4 Rf5 31. dxc5 Rxc5+ 32. Kb4 Rb5+ 33. Kc3 e5 34. Re4 Ke6 35. Rc4 Rb6 36. Rc7 Rc6+ 37. Rxc6+ bxc6 38. b4 Kf5 39. Kc4 e4 40. Kc5 e3 41. Kxc6 e2 42. a4 e1Q 43. b5 axb5 44. axb5 Qe8+ 45. Kc5 g5 46. b6 g4 47. hxg4+ hxg4 48. Kd6 Qb8+ 49. Kc6 g3 50. b7 g2 51. Kc5 g1Q+ 52. Kc6 Qc1+ 53. Kb6 Qbc7+ 54. Kb5 Qb1+ 55. Ka6 Qcxb7+ 0-1